| 000 | 00445nam a2200181Ia 4500 | ||
|---|---|---|---|
| 001 | 15225 | ||
| 005 | 20260306165012.0 | ||
| 008 | 260306t2008||||xx |||||||||||||| ||spa|| | ||
| 041 | _aESP | ||
| 082 |
_a530.15 _bL22 |
||
| 100 |
_aLandau, Rubin H. _eAUT |
||
| 245 | 2 |
_aA survey of computational physics: _bintroductory computational science |
|
| 260 | _c2008 | ||
| 300 |
_a _c |
||
| 650 | _aGEN | ||
| 654 | _aCCN | ||
| 942 |
_cLIB _dJUS _fJUS _2ddc _n |
||
| 999 |
_c15225 _d15225 |
||